00764 2200241 4500001002100000005001700021008004100038035002400079082001200103090001900115100002400134245013500158260005600293300002900349500003100378650002000409700002400429700001900453850001600472980001300488985000600501999001500507YOGYA-0209000006360120090227040214.0 ind  0010-020900000063601 a959.851 a959.851bRah S aRAHARJO, Supratikno aSejarah kebudayaan Balibkajian perkembangan dan dampak pariwisatacpenulis, Supratikno Raharjo, Agus Aris Munandar, Susanto Zuhdi aJakartabDepartemen Pendidikan dan Kebudayaanc1998 axx, 214 hlmbilusc21 cm aBibliografi : hlm. 133-140 aKebudayaan Bali aMunandar, Agus Aris aZuhdi, Susanto aYOPDYOG (B) a04-09-06 a1 a99A0032597